[Event "Pere Noel"]
[Site "Montreal CAN"]
[Date "2019.12.26"]
[Round "1.11"]
[White "Nunez-Painchaud, Raphael"]
[Black "Guipi Bopala, Prince Eric jr"]
[Result "1-0"]
[WhiteElo "2172"]
[BlackElo "1863"]
[PlyCount "111"]
[EventDate "2019.12.26"]
[EventType "swiss"]
[EventRounds "5"]
[EventCountry "CAN"]

1. d4 Nf6 2. Nf3 e6 3. c4 d5 4. g3 dxc4 5. Bg2 Nc6 6. Qa4 Nd7 7. Qxc4 Nb6 8.
Qd3 Be7 9. O-O O-O 10. Nc3 Bf6 11. Rd1 e5 12. d5 Nd4 13. Ne4 Nxd5 14. Nxd4 exd4
15. Nxf6+ Nxf6 16. Qxd4 Qxd4 17. Rxd4 h6 18. Bf4 c6 19. Rad1 Be6 20. a3 Rfe8
21. Bf3 Bd5 22. Bxd5 Nxd5 23. e3 Re6 24. h4 Rae8 25. Kg2 f6 26. g4 Nxf4+ 27.
Rxf4 g5 28. Rb4 Re4 29. Rxe4 Rxe4 30. Rd8+ Kf7 31. Kf3 Re7 32. h5 c5 33. Rh8
Kg7 34. Rc8 b6 35. a4 Kf7 36. Rh8 Kg7 37. Ra8 Kf7 38. b3 Kg7 39. Rd8 Kf7 40.
Rc8 Kg7 41. a5 Kf7 42. a6 Kg7 43. Rb8 Kf7 44. Rb7 Kf8 45. Ke2 Kf7 46. Kd3 Ke6
47. Kc4 Kd6 48. Rxe7 Kxe7 49. Kd5 Kd7 50. f4 Kc7 51. f5 Kd7 52. e4 Kc7 53. e5
fxe5 54. Kxe5 Kd7 55. Kf6 b5 56. Ke5 1-0

[Event "Pere Noel"]
[Site "Montreal CAN"]
[Date "2019.12.26"]
[Round "1.12"]
[White "Hernandez, Juan Felipe"]
[Black "Robichaud, Louis"]
[Result "1-0"]
[WhiteElo "1814"]
[BlackElo "2153"]
[PlyCount "53"]
[EventDate "2019.12.26"]
[EventType "swiss"]
[EventRounds "5"]
[EventCountry "CAN"]

1. e4 e5 2. Nf3 Nc6 3. Bc4 Bc5 4. c3 Nf6 5. d3 O-O 6. O-O d5 7. exd5 Nxd5 8.
Nbd2 Be6 9. Re1 h6 10. Nxe5 Bxf2+ 11. Kxf2 Nxe5 12. Rxe5 Qf6+ 13. Nf3 Rad8 14.
Qe1 c6 15. Kg1 b5 16. Bb3 a5 17. Bxd5 Bxd5 18. Re3 c5 19. Bd2 a4 20. c4 bxc4
21. Bc3 Qg6 22. dxc4 Bb7 23. Nh4 Qc6 24. Rg3 g5 25. Nf5 Kh7 26. Qe5 Qg6 27. Ne7
1-0

[Event "Pere Noel"]
[Site "Montreal CAN"]
[Date "2019.12.26"]
[Round "1.13"]
[White "Galbradrakh, Enkh-Amar"]
[Black "Forest, Jimmy"]
[Result "1-0"]
[WhiteElo "2152"]
[BlackElo "1807"]
[PlyCount "49"]
[EventDate "2019.12.26"]
[EventType "swiss"]
[EventRounds "5"]
[EventCountry "CAN"]

1. e4 Nc6 2. Nf3 e5 3. Bb5 Nf6 4. d3 Bc5 5. O-O Qe7 6. c3 d6 7. d4 exd4 8. cxd4
Bb4 9. a3 Ba5 10. b4 Bb6 11. d5 Nxe4 12. dxc6 O-O 13. Qd5 Bg4 14. cxb7 Rab8 15.
Nd4 Nxf2 16. Rxf2 Be6 17. Qe4 d5 18. Qe5 Rxb7 19. Be3 c5 20. Nxe6 fxe6 21.
Rxf8+ Qxf8 22. Qxe6+ Kh8 23. Nd2 cxb4 24. Bxb6 Rxb6 25. Qe8 1-0

[Event "Pere Noel"]
[Site "Montreal CAN"]
[Date "2019.12.26"]
[Round "1.14"]
[White "Jiang, Barron Jiyu"]
[Black "Allard, Laurent"]
[Result "0-1"]
[WhiteElo "1730"]
[BlackElo "2146"]
[PlyCount "110"]
[EventDate "2019.12.26"]
[EventType "swiss"]
[EventRounds "5"]
[EventCountry "CAN"]

1. e4 c5 2. Nf3 d6 3. d4 cxd4 4. Nxd4 Nf6 5. Nc3 a6 6. Be3 e5 7. Nb3 Be6 8. Be2
Be7 9. O-O O-O 10. f4 exf4 11. Bxf4 Nc6 12. Qe1 Ne8 13. Rd1 Bf6 14. Nd5 Be5 15.
Be3 Bxd5 16. exd5 Ne7 17. Qd2 Nf6 18. c4 Qc7 19. Bd3 Ng4 20. Bf4 Ng6 21. Bxe5
N6xe5 22. Rc1 Qb6+ 23. c5 dxc5 24. Nxc5 Rac8 25. b4 Nxd3 26. Qxd3 Qxb4 27. Rc4
Qb6 28. Rxg4 Qxc5+ 29. Kh1 Rfd8 30. Rd4 Rd6 31. Re1 g6 32. Rf1 Qc3 33. Qe4 Qc7
34. Qf3 Qd7 35. g4 Rf8 36. h4 f5 37. h5 Qe7 38. hxg6 hxg6 39. Qg3 fxg4 40.
Rxf8+ Qxf8 41. Rxg4 Qf6 42. Qg2 Qa1+ 43. Kh2 Qe5+ 44. Kg1 Kg7 45. Rg5 Qe1+ 46.
Kh2 Qh4+ 47. Kg1 Rb6 48. Qd2 Rb1+ 49. Kg2 Qh1+ 50. Kf2 Rf1+ 51. Ke3 Qf3+ 52.
Kd4 Rd1 53. Qxd1 Qxd1+ 54. Ke5 Qa1+ 55. Ke6 Qf6+ 0-1

[Event "Pere Noel"]
[Site "Montreal CAN"]
[Date "2019.12.26"]
[Round "1.15"]
[White "Zheng, Richard"]
[Black "Goldner, John"]
[Result "1-0"]
[WhiteElo "2142"]
[BlackElo "1682"]
[PlyCount "93"]
[EventDate "2019.12.26"]
[EventType "swiss"]
[EventRounds "5"]
[EventCountry "CAN"]

1. b3 d5 2. Bb2 e6 3. e3 Nf6 4. f4 c5 5. Nf3 Be7 6. h3 Ne4 7. Bb5+ Bd7 8. Bxd7+
Nxd7 9. O-O Ng3 10. Re1 O-O 11. d3 Bf6 12. Bxf6 gxf6 13. Nbd2 Kh8 14. Nf1 Rg8
15. Nxg3 Rxg3 16. Kh2 Qg8 17. Qe2 Rg6 18. Rad1 Qg7 19. e4 Rg8 20. Rg1 Qh6 21.
g3 Qg7 22. Qf2 d4 23. Rg2 Rh6 24. g4 Qf8 25. Qg3 f5 26. g5 Rh5 27. Nd2 f6 28.
Nf3 fxg5 29. Nxg5 Nf6 30. Qf3 Ng4+ 31. Kg1 Nf6 32. e5 Rhxg5 33. Rxg5 Rxg5+ 34.
fxg5 Nd5 35. Qh5 Nf4 36. Qh6 Qxh6 37. gxh6 Nxh3+ 38. Kg2 Ng5 39. Kg3 Nf7 40.
Rh1 Kg8 41. Kf4 Kf8 42. a3 Ke8 43. Rg1 Kf8 44. Rg7 b6 45. Rxh7 Kg8 46. Rg7+ Kf8
47. Rg6 1-0

[Event "Pere Noel"]
[Site "Montreal CAN"]
[Date "2019.12.26"]
[Round "1.16"]
[White "He, Zekai"]
[Black "Fillion, Steve"]
[Result "0-1"]
[WhiteElo "1667"]
[BlackElo "2129"]
[PlyCount "104"]
[EventDate "2019.12.26"]
[EventType "swiss"]
[EventRounds "5"]
[EventCountry "CAN"]

1. e4 e6 2. d4 d5 3. e5 c5 4. c3 Nc6 5. Nf3 Nge7 6. a3 c4 7. Be2 Bd7 8. O-O Na5
9. Nbd2 Nc8 10. Ne1 Nb6 11. Bg4 h5 12. Bf3 Ba4 13. Qe2 Kd7 14. h3 Qh4 15. Kh2
Qf4+ 16. Kg1 Qf5 17. Kh2 Qh7 18. Qe3 g6 19. Be2 Bh6 20. f4 h4 21. Nef3 Bf8 22.
Ng5 Qg7 23. Bg4 Bc2 24. Qf2 Bd3 25. Re1 Be7 26. Re3 Raf8 27. Qf3 Bf5 28. Qe2
Bd8 29. Qf3 Nc8 30. Qe2 a6 31. Qf3 Bc7 32. Bxf5 gxf5 33. Qf2 Ne7 34. Re1 Ng6
35. Kg1 Bd8 36. Qf3 Nxf4 37. Nxf7 Nd3 38. Nxh8 Nxe1 39. Qe2 Nd3 40. Nf3 Nb3 41.
Rb1 Nbxc1 42. Qd2 Nb3 43. Qc2 Rxh8 44. Nd2 Nxd2 45. Qxd2 Rg8 46. b3 Kc8 47.
bxc4 dxc4 48. Kh1 Qg3 49. Qa2 Kb8 50. Kg1 Bg5 51. Kf1 Be3 52. Qe2 Qf4+ 0-1

[Event "Pere Noel"]
[Site "Montreal CAN"]
[Date "2019.12.26"]
[Round "1.17"]
[White "Mok, Yuen Tak"]
[Black "He, Jiaqi"]
[Result "1-0"]
[WhiteElo "2069"]
[BlackElo "1639"]
[PlyCount "69"]
[EventDate "2019.12.26"]
[EventType "swiss"]
[EventRounds "5"]
[EventCountry "CAN"]

1. Nf3 Nc6 2. e4 e5 3. Bb5 a6 4. Ba4 Nf6 5. Qe2 b5 6. Bb3 d6 7. c3 Bg4 8. O-O
Be7 9. Rd1 O-O 10. d4 exd4 11. cxd4 d5 12. exd5 Nxd5 13. Qe4 Be6 14. Nc3 Ncb4
15. Qe2 h6 16. Ne4 Bf5 17. Ne5 Nf6 18. Ng3 Bh7 19. a3 Nbd5 20. Qf3 Rc8 21. Nc6
Qd6 22. Bxd5 Nxd5 23. Qxd5 Rfe8 24. Qxd6 Bxd6 25. Bd2 Re6 26. d5 Ree8 27. Bb4
Bc2 28. Rd2 Bb3 29. Bxd6 cxd6 30. Na5 Bc2 31. f3 Bg6 32. Kf2 Re5 33. Re1 Rce8
34. Rxe5 Rxe5 35. Nb7 1-0

[Event "Pere Noel"]
[Site "Montreal CAN"]
[Date "2019.12.26"]
[Round "1.18"]
[White "Yang, Kun"]
[Black "Steinberg, Ellis"]
[Result "0-1"]
[WhiteElo "1071"]
[BlackElo "2017"]
[PlyCount "84"]
[EventDate "2019.12.26"]
[EventType "swiss"]
[EventRounds "5"]
[EventCountry "CAN"]

1. c4 Nf6 2. Nc3 g6 3. g3 Bg7 4. Bg2 O-O 5. Nf3 d6 6. O-O Nc6 7. Rb1 a5 8. a3
e5 9. b4 axb4 10. axb4 Bf5 11. d3 e4 12. dxe4 Nxe4 13. Nxe4 Bxe4 14. Rb3 Ra2
15. b5 Bc2 16. Qd5 Ne7 17. Qxb7 Bxb3 18. Nd2 Bc2 19. e3 Bc3 20. Ne4 Bxe4 21.
Qxe4 Bd2 22. Qb1 Ra4 23. Bxd2 Rxc4 24. Qb3 Rc5 25. Ba5 Qb8 26. Rb1 c6 27. Bf1
cxb5 28. Bxb5 Qb7 29. Bc3 Rb8 30. Bc4 Qxb3 31. Rxb3 Rxb3 32. Bxb3 Rxc3 33. Ba4
Kg7 34. Bb5 Kf6 35. Be2 Ke5 36. Bf3 Nd5 37. Kf1 Nf6 38. Bg2 Ne4 39. f4+ Kd5 40.
Ke2 f5 41. Kf3 Rc2 42. Bf1 Rf2# 0-1

[Event "Pere Noel"]
[Site "Montreal CAN"]
[Date "2019.12.27"]
[Round "2.2"]
[White "Rodrigue-Lemieux, Shawn"]
[Black "Galbradrakh, Enkh-Amar"]
[Result "1-0"]
[WhiteElo "2387"]
[BlackElo "2152"]
[PlyCount "85"]
[EventDate "2019.12.26"]
[EventType "swiss"]
[EventRounds "5"]
[EventCountry "CAN"]

1. c4 Nf6 2. Nc3 e6 3. e4 d5 4. cxd5 exd5 5. e5 d4 6. exf6 dxc3 7. Bb5+ c6 8.
Qe2+ Be6 9. Bc4 Qxf6 10. dxc3 Nd7 11. Nf3 O-O-O 12. O-O Bxc4 13. Qxc4 h6 14.
Be3 Nb6 15. Qg4+ Qe6 16. Qxe6+ fxe6 17. Bxb6 axb6 18. Rfe1 Re8 19. Rad1 Kc7 20.
Ne5 Rg8 21. Rd7+ Kc8 22. Red1 Be7 23. Kf1 Rd8 24. Nc4 b5 25. Nb6+ Kb8 26. Rxd8+
Rxd8 27. Rxd8+ Bxd8 28. Nd7+ Kc8 29. Nc5 e5 30. Ke2 b6 31. Nd3 Bf6 32. Ke3 Kd7
33. Ke4 Ke6 34. Nb4 Kd6 35. Kf5 c5 36. Nc2 Bg5 37. Ne3 c4 38. g3 Bf6 39. h4 h5
40. a3 Be7 41. Kg6 Bf6 42. Kxh5 e4 43. Kg6 1-0

[Event "Pere Noel"]
[Site "Montreal CAN"]
[Date "2019.12.27"]
[Round "2.3"]
[White "Leveille, Francois"]
[Black "Zheng, Richard"]
[Result "1-0"]
[WhiteElo "2300"]
[BlackElo "2142"]
[PlyCount "57"]
[EventDate "2019.12.26"]
[EventType "swiss"]
[EventRounds "5"]
[EventCountry "CAN"]

1. Nf3 Nf6 2. c4 c6 3. d4 d5 4. Nc3 e6 5. e3 a6 6. Qc2 dxc4 7. Bxc4 b5 8. Bd3
Bb7 9. O-O c5 10. dxc5 Bxf3 11. gxf3 Nc6 12. Rd1 Qc7 13. Be2 Nb4 14. Qb3 Bxc5
15. a4 O-O 16. Bd2 Qe5 17. f4 Qf5 18. axb5 Qg6+ 19. Kf1 Ng4 20. Bxg4 Qxg4 21.
Ne4 Qh3+ 22. Ke1 Qg2 23. Bxb4 Qg1+ 24. Ke2 Qg4+ 25. f3 Qg2+ 26. Nf2 Rfc8 27.
Bxc5 Rxc5 28. Rxa6 Rb8 29. Rb6 1-0

[Event "Pere Noel"]
[Site "Montreal CAN"]
[Date "2019.12.27"]
[Round "2.4"]
[White "Fillion, Steve"]
[Black "Duong, Thanh Nha"]
[Result "1/2-1/2"]
[WhiteElo "2129"]
[BlackElo "2295"]
[PlyCount "150"]
[EventDate "2019.12.26"]
[EventType "swiss"]
[EventRounds "5"]
[EventCountry "CAN"]

1. e4 e5 2. Nc3 Bc5 3. Nf3 d6 4. d4 exd4 5. Nxd4 Nc6 6. Nxc6 bxc6 7. Bc4 Qh4 8.
Qf3 Nf6 9. Qf4 Qxf4 10. Bxf4 Rb8 11. Bb3 O-O 12. f3 Bb4 13. O-O-O Re8 14. h4
Be6 15. h5 Nd7 16. Ne2 c5 17. Bxe6 Rxe6 18. Bg3 Ree8 19. Nf4 Ba5 20. Nd5 h6 21.
Be1 Bxe1 22. Rhxe1 Rb7 23. Re3 Kf8 24. Rb3 Reb8 25. Rxb7 Rxb7 26. Rd3 Ne5 27.
Ra3 g6 28. f4 Ng4 29. hxg6 fxg6 30. Rg3 h5 31. b3 c6 32. Nc3 Rf7 33. Rf3 Ke7
34. Kd2 Nh2 35. Rf2 g5 36. g3 Ng4 37. Rf3 Ne5 38. Rf1 Ng6 39. Ne2 d5 40. Ke3
gxf4+ 41. Nxf4 Nxf4 42. Rxf4 Rg7 43. Kf3 Ke6 44. Rh4 Rg5 45. exd5+ cxd5 46. c3
Ke5 47. Ra4 Rg7 48. Ra6 Rf7+ 49. Ke3 d4+ 50. cxd4+ cxd4+ 51. Ke2 Rc7 52. a4 Rb7
53. Ra5+ Ke4 54. Rxh5 Rxb3 55. Rh4+ Kd5 56. Rh7 a5 57. Rd7+ Kc4 58. Rc7+ Kb4
59. Rd7 Kxa4 60. Rxd4+ Ka3 61. g4 Rb5 62. Kd2 Rc5 63. Rd3+ Kb2 64. Rd4 Re5 65.
Rd6 Rb5 66. Ra6 Kb3 67. Ke3 a4 68. Kf4 a3 69. g5 a2 70. Rxa2 Kxa2 71. g6 Kb3
72. g7 Rb8 73. Kf5 Kc4 74. Kf6 Kd5 75. Kf7 Rb7+ 1/2-1/2

[Event "Pere Noel"]
[Site "Montreal CAN"]
[Date "2019.12.27"]
[Round "2.5"]
[White "Saha, Ananda"]
[Black "Mok, Yuen Tak"]
[Result "1-0"]
[WhiteElo "2270"]
[BlackElo "2069"]
[PlyCount "61"]
[EventDate "2019.12.26"]
[EventType "swiss"]
[EventRounds "5"]
[EventCountry "CAN"]

1. d4 d5 2. Nf3 Nf6 3. e3 Bf5 4. c4 c6 5. Qb3 Qb6 6. c5 Qc7 7. Nc3 b6 8. cxb6
axb6 9. Bd2 Nbd7 10. Rc1 e6 11. Be2 h6 12. O-O Be7 13. h3 O-O 14. Nh4 Bh7 15.
f4 Ne8 16. Nf3 Nd6 17. Ne5 f6 18. Nxd5 exd5 19. Nxc6 Nc5 20. Qxd5+ Nf7 21. dxc5
bxc5 22. Rfd1 Kh8 23. Nxe7 Qxe7 24. Qxc5 Qxc5 25. Rxc5 Rxa2 26. Bc3 Ra7 27. Bc4
Be4 28. b4 Ra3 29. Bb2 Raa8 30. Rd7 Bg6 31. Rcc7 1-0

[Event "Pere Noel"]
[Site "Montreal CAN"]
[Date "2019.12.27"]
[Round "2.6"]
[White "Beaulieu, Eric"]
[Black "Richard, Leo"]
[Result "1-0"]
[WhiteElo "2225"]
[BlackElo "2016"]
[PlyCount "87"]
[EventDate "2019.12.26"]
[EventType "swiss"]
[EventRounds "5"]
[EventCountry "CAN"]

1. d4 Nf6 2. c4 e6 3. g3 d5 4. Nf3 Be7 5. Bg2 O-O 6. O-O dxc4 7. Qa4 a6 8. Qxc4
b5 9. Qc2 Bb7 10. Bd2 Nbd7 11. Ba5 Rc8 12. Nbd2 Qe8 13. b4 Bd6 14. Rfe1 e5 15.
Nxe5 Bxg2 16. Nxd7 Qxd7 17. Kxg2 Nd5 18. a3 Ne7 19. Rac1 Nf5 20. e3 Ne7 21. e4
Ng6 22. e5 Be7 23. Nf3 Nf4+ 24. Kh1 Ne6 25. Qe4 Rfd8 26. Red1 Qd5 27. Qxd5 Rxd5
28. Rc6 g6 29. Rxa6 c5 30. bxc5 Nxc5 31. Ra7 Ne4 32. Be1 Bf8 33. Kg2 Rc2 34.
Ra8 Kg7 35. Rd3 Ra2 36. Re3 f5 37. exf6+ Nxf6 38. Ra7+ Kg8 39. Re6 Nd7 40. Re8
Kf7 41. Rd8 Ke7 42. Rdxd7+ Rxd7 43. Bb4+ Ke6 44. Ng5+ 1-0

[Event "Pere Noel"]
[Site "Montreal CAN"]
[Date "2019.12.27"]
[Round "2.7"]
[White "Steinberg, Ellis"]
[Black "Nunez-Painchaud, Raphael"]
[Result "0-1"]
[WhiteElo "2017"]
[BlackElo "2172"]
[PlyCount "64"]
[EventDate "2019.12.26"]
[EventType "swiss"]
[EventRounds "5"]
[EventCountry "CAN"]

1. e4 c5 2. Nf3 Nc6 3. d4 cxd4 4. Nxd4 Nf6 5. Nc3 e5 6. Ndb5 d6 7. Bg5 a6 8.
Na3 b5 9. Nd5 Be7 10. Bxf6 Bxf6 11. c3 O-O 12. Nc2 Bg5 13. a4 bxa4 14. Rxa4 a5
15. Bc4 Kh8 16. h4 Bh6 17. g4 Bf4 18. Nce3 Rb8 19. b3 Be6 20. Ng2 Qd7 21. Ngxf4
exf4 22. f3 Qa7 23. Qd2 Ne5 24. Ke2 Bd7 25. Ra2 a4 26. Nxf4 Qc7 27. Bd5 axb3
28. Rb2 Bb5+ 29. Kf2 Bc4 30. Qd4 Bxd5 31. Nxd5 Qc5 32. Ne3 Qxd4 0-1

[Event "Pere Noel"]
[Site "Montreal CAN"]
[Date "2019.12.27"]
[Round "2.8"]
[White "Huang, Qiuyu"]
[Black "Hernandez, Juan Felipe"]
[Result "1-0"]
[WhiteElo "2181"]
[BlackElo "1814"]
[PlyCount "55"]
[EventDate "2019.12.26"]
[EventType "swiss"]
[EventRounds "5"]
[EventCountry "CAN"]

1. e4 e6 2. d4 d5 3. Nc3 Bb4 4. e5 c5 5. a3 Bxc3+ 6. bxc3 Ne7 7. h4 Qc7 8. Bd2
Nbc6 9. Nf3 Bd7 10. h5 h6 11. Bd3 c4 12. Be2 Na5 13. a4 Nc8 14. Nh4 Nb6 15. f4
O-O-O 16. O-O Nxa4 17. f5 exf5 18. Nxf5 Bxf5 19. Rxf5 b5 20. Bg4 Kb7 21. Qf3
Rhf8 22. Rf1 Nc6 23. e6 f6 24. Rxd5 Rxd5 25. Qxd5 a6 26. Bf4 Nb6 27. Qc5 Qe7
28. Bd6 1-0

[Event "Pere Noel"]
[Site "Montreal CAN"]
[Date "2019.12.27"]
[Round "2.9"]
[White "Craciun, David"]
[Black "Ouellet, Maili-Jade"]
[Result "0-1"]
[WhiteElo "1901"]
[BlackElo "2346"]
[PlyCount "72"]
[EventDate "2019.12.26"]
[EventType "swiss"]
[EventRounds "5"]
[EventCountry "CAN"]

1. d4 Nf6 2. Bf4 e6 3. Nf3 b6 4. e3 Bb7 5. Nbd2 Be7 6. h3 O-O 7. c3 d6 8. Bd3
Nbd7 9. Qe2 Re8 10. O-O Bf8 11. Bh2 e5 12. dxe5 dxe5 13. e4 Nh5 14. Bc4 Qf6 15.
b4 Nf4 16. Qe3 Bd6 17. Rfe1 Rad8 18. Rad1 Nf8 19. Nf1 N8e6 20. Ng3 g6 21. Bd5
Bxd5 22. exd5 Ng5 23. Nd2 Qe7 24. Nc4 f5 25. Ne2 Nxe2+ 26. Rxe2 f4 27. Qd2 f3
28. Re3 fxg2 29. Rde1 e4 30. Nxd6 cxd6 31. h4 Nf3+ 32. Rxf3 exf3 33. Rxe7 Rxe7
34. Bf4 Re2 35. Qd1 Rde8 36. Be3 Re4 0-1

[Event "Pere Noel"]
[Site "Montreal CAN"]
[Date "2019.12.27"]
[Round "2.10"]
[White "Gorunovich, Anna"]
[Black "Voskanyan, Vahagn"]
[Result "1/2-1/2"]
[WhiteElo "1890"]
[BlackElo "2232"]
[PlyCount "119"]
[EventDate "2019.12.26"]
[EventType "swiss"]
[EventRounds "5"]
[EventCountry "CAN"]

1. e4 d5 2. exd5 Nf6 3. d4 Nxd5 4. Nf3 Bg4 5. Be2 e6 6. c3 Nd7 7. Ne5 Bxe2 8.
Qxe2 Bd6 9. O-O Bxe5 10. dxe5 Qh4 11. g3 Qh3 12. Na3 O-O 13. c4 Ne7 14. Nb5 a6
15. Nd4 Ng6 16. f4 Rad8 17. Be3 Rfe8 18. Rad1 f6 19. exf6 Nxf6 20. Nf3 Qf5 21.
b3 Rxd1 22. Rxd1 e5 23. Qd2 exf4 24. Bxf4 h6 25. Qd3 Qc5+ 26. Qd4 Qh5 27. Rf1
Nxf4 28. Qxf4 Qc5+ 29. Qd4 Qxd4+ 30. Nxd4 c5 31. Nf5 Re5 32. Nxh6+ Kh7 33. Nf7
Re2 34. Rf2 Re1+ 35. Kg2 Ne4 36. Rb2 b5 37. cxb5 axb5 38. Rc2 b4 39. Nd8 Ra1
40. Ne6 Nc3 41. Nxc5 Nxa2 42. Nd3 Rd1 43. Rxa2 Rxd3 44. Rb2 g5 45. Kh3 Kg6 46.
Kg4 Rd1 47. Kf3 Rd3+ 48. Ke4 Rc3 49. g4 Kf6 50. Rf2+ Kg6 51. Rd2 Rxb3 52. Rd6+
Kh7 53. Kf5 Rh3 54. Rb6 Rxh2 55. Rxb4 Rf2+ 56. Kxg5 Rf7 57. Rb6 Kg7 58. Rg6+
Kh7 59. Rf6 Rg7+ 60. Kh5 1/2-1/2

[Event "Pere Noel"]
[Site "Montreal CAN"]
[Date "2019.12.27"]
[Round "2.11"]
[White "Sekki, Abderaouf"]
[Black "Zhong, Kevin"]
[Result "0-1"]
[WhiteElo "1794"]
[BlackElo "2185"]
[PlyCount "80"]
[EventDate "2019.12.26"]
[EventType "swiss"]
[EventRounds "5"]
[EventCountry "CAN"]

1. d4 d5 2. c4 e6 3. Nc3 Nf6 4. cxd5 exd5 5. Bg5 Nbd7 6. e3 Be7 7. Bd3 c6 8.
Nge2 h6 9. Bh4 Nh5 10. Bxe7 Qxe7 11. Qc2 Nb6 12. O-O O-O 13. e4 dxe4 14. Bxe4
Nf6 15. Bf3 Bg4 16. Bxg4 Nxg4 17. h3 Nf6 18. Rad1 Nbd5 19. Rfe1 Rfe8 20. Qb3
Qc7 21. Nxd5 Nxd5 22. Nc3 Red8 23. Re5 Nf6 24. Rde1 Rd7 25. Qc4 Rad8 26. Ne2
Rd5 27. Rxd5 Nxd5 28. Nc3 Nf4 29. Re4 Qd6 30. Qc5 Ne6 31. Qxa7 f5 32. Re1 Nxd4
33. Qxb7 Rb8 34. Qa6 Rxb2 35. Qc4+ Kh7 36. Rd1 c5 37. Qd3 Qe6 38. a4 Rc2 39.
Nb5 Rc4 40. Nc3 Rxc3 0-1

[Event "Pere Noel"]
[Site "Montreal CAN"]
[Date "2019.12.27"]
[Round "2.12"]
[White "Tsukerman, Julia"]
[Black "Destree, Frederic"]
[Result "1/2-1/2"]
[WhiteElo "1950"]
[BlackElo "1874"]
[PlyCount "78"]
[EventDate "2019.12.26"]
[EventType "swiss"]
[EventRounds "5"]
[EventCountry "CAN"]

1. e4 c5 2. Nf3 g6 3. d4 cxd4 4. Nxd4 Nc6 5. c4 Nf6 6. Nc3 d6 7. Be2 Nxd4 8.
Qxd4 Bg7 9. Be3 O-O 10. Qd2 a5 11. O-O a4 12. f3 Qa5 13. Rad1 Be6 14. Bd4 Rfc8
15. Nd5 Nxd5 16. exd5 Bxd4+ 17. Qxd4 Bd7 18. Rfe1 Qc5 19. Bf1 Kf8 20. Kf2 Ra6
21. Ke3 Rb6 22. Rd2 Rb4 23. Qxc5 Rxc5 24. Kd4 e6 25. dxe6 Bxe6 26. Kc3 Rb6 27.
b3 axb3 28. axb3 Rc8 29. b4 Rbc6 30. b5 Rc5 31. Rxd6 Rxb5 32. Rd4 Rbc5 33. Kb4
R5c6 34. Ra1 Rb6+ 35. Kc3 Rbc6 36. Kb4 Rb6+ 37. Kc3 Rbc6 38. Rb1 R8c7 39. Bd3
Rc5 1/2-1/2

[Event "Pere Noel"]
[Site "Montreal CAN"]
[Date "2019.12.27"]
[Round "2.13"]
[White "Robichaud, Louis"]
[Black "Jiang, Barron Jiyu"]
[Result "1-0"]
[WhiteElo "2153"]
[BlackElo "1730"]
[PlyCount "103"]
[EventDate "2019.12.26"]
[EventType "swiss"]
[EventRounds "5"]
[EventCountry "CAN"]

1. e4 c5 2. d3 Nc6 3. g3 e6 4. Bg2 d5 5. Nd2 Nf6 6. Ngf3 Be7 7. O-O O-O 8. Re1
b5 9. e5 Nd7 10. Nf1 Nb6 11. h4 Qc7 12. N1h2 c4 13. d4 a5 14. c3 Bd7 15. h5 b4
16. h6 g6 17. Ng4 Qd8 18. Bf4 a4 19. a3 bxa3 20. bxa3 Na5 21. Ra2 Bc6 22. Qd2
Rb8 23. Bg5 Nd7 24. Qf4 Rb3 25. Rc1 Bxg5 26. Nxg5 Qe7 27. Nf6+ Nxf6 28. exf6
Qb7 29. Bh3 Qb8 30. Nxe6 fxe6 31. Bxe6+ Kh8 32. Qe5 Qxe5 33. dxe5 Nb7 34. Rd2
Nd8 35. Bxd5 Bxd5 36. Rxd5 Kg8 37. Rd7 Rb7 38. Rcd1 Rxd7 39. Rxd7 Re8 40. f4
Nf7 41. Rc7 Nxh6 42. Rxc4 Nf5 43. Kf2 g5 44. Rc7 Kf8 45. Rxh7 gxf4 46. gxf4 Re6
47. Kf3 Kg8 48. Rd7 Nh4+ 49. Ke4 Kf8 50. f5 Rc6 51. e6 Ke8 52. f7+ 1-0

[Event "Pere Noel"]
[Site "Montreal CAN"]
[Date "2019.12.27"]
[Round "2.14"]
[White "Templonuevo, Mark Geryl"]
[Black "Wang, Isabelle"]
[Result "1-0"]
[WhiteElo "1989"]
[BlackElo "1669"]
[PlyCount "99"]
[EventDate "2019.12.26"]
[EventType "swiss"]
[EventRounds "5"]
[EventCountry "CAN"]

1. c4 c5 2. Nf3 Nc6 3. Nc3 Nf6 4. d4 cxd4 5. Nxd4 d6 6. g3 g6 7. Bg2 Bd7 8. b3
Bg7 9. Bb2 O-O 10. O-O Nxd4 11. Qxd4 Bc6 12. Qd2 Bxg2 13. Kxg2 Qd7 14. e4 Qc6
15. f3 Rfe8 16. Rad1 Nd7 17. g4 Nc5 18. h4 h6 19. Ne2 Ne6 20. Bxg7 Kxg7 21. h5
g5 22. Qc3+ f6 23. Qc2 Red8 24. e5 Qe8 25. exd6 Rxd6 26. Rxd6 exd6 27. Rd1 Rd8
28. Ng3 Kh8 29. Nf5 Qf8 30. Qe4 Nf4+ 31. Kf1 d5 32. cxd5 Re8 33. Qc4 Qa3 34.
Qc7 Qa6+ 35. Kg1 Rg8 36. Qc2 Re8 37. d6 Qb6+ 38. Kh1 Nh3 39. Rd4 Nf4 40. Qc7
Re1+ 41. Kh2 Re2+ 42. Kg1 Ne6 43. Qxb6 axb6 44. Rb4 Rxa2 45. Rxb6 Rd2 46. Rxb7
Nc5 47. Rb8+ Kh7 48. b4 Nb3 49. Rb7+ Kg8 50. d7 1-0

[Event "Pere Noel"]
[Site "Montreal CAN"]
[Date "2019.12.27"]
[Round "2.15"]
[White "Guipi Bopala, Prince Eric jr"]
[Black "Landry, Sylvain"]
[Result "1-0"]
[WhiteElo "1863"]
[BlackElo "1974"]
[PlyCount "101"]
[EventDate "2019.12.26"]
[EventType "swiss"]
[EventRounds "5"]
[EventCountry "CAN"]

1. d4 d5 2. Nf3 Nf6 3. c4 c6 4. g3 dxc4 5. Bg2 b5 6. a4 Bb7 7. b3 cxb3 8. Qxb3
a6 9. Nc3 e6 10. Ba3 Bxa3 11. Qxa3 Qe7 12. Qxe7+ Kxe7 13. axb5 cxb5 14. O-O
Nbd7 15. Rfc1 Rhc8 16. e3 Rc7 17. Ne5 Bxg2 18. Kxg2 Rac8 19. Nxd7 Kxd7 20. Ne2
Rxc1 21. Nxc1 a5 22. Nd3 a4 23. Ne5+ Ke8 24. Rb1 Rb8 25. Nd3 Nd5 26. Nc5 Nc3
27. Rc1 Na2 28. Rb1 a3 29. Ra1 b4 30. Rxa2 b3 31. Nxb3 Rxb3 32. Kf3 Kd7 33. h4
Kc6 34. Ke4 Kb5 35. f4 Kb4 36. Ra1 Rb2 37. Ke5 Kb3 38. Kd6 a2 39. Ke7 Rb1 40.
Rxa2 Kxa2 41. Kxf7 Rg1 42. Kxe6 Rxg3 43. e4 Rg4 44. Kf5 h5 45. e5 Kb3 46. d5
Kc4 47. d6 g6+ 48. Ke4 Rg1 49. d7 Re1+ 50. Kf3 Rd1 51. e6 1-0

[Event "Pere Noel"]
[Site "Montreal CAN"]
[Date "2019.12.27"]
[Round "2.16"]
[White "Forest, Jimmy"]
[Black "Weston, Paul"]
[Result "1-0"]
[WhiteElo "1807"]
[BlackElo "1922"]
[PlyCount "79"]
[EventDate "2019.12.26"]
[EventType "swiss"]
[EventRounds "5"]
[EventCountry "CAN"]

1. d4 g6 2. Bf4 Bg7 3. e3 c5 4. c3 Qb6 5. Na3 Qxb2 6. Nb5 Na6 7. Bc4 d5 8. Rb1
Qxb1 9. Qxb1 dxc4 10. Nf3 Nf6 11. O-O O-O 12. e4 cxd4 13. cxd4 b6 14. Nd2 Bb7
15. f3 Rfc8 16. Rc1 Ne8 17. Rxc4 e5 18. Rxc8 Rxc8 19. dxe5 g5 20. Bg3 Nc5 21.
Nxa7 Rd8 22. Nc4 Na4 23. Ne3 Nc7 24. Nb5 Nxb5 25. Qxb5 Ra8 26. e6 fxe6 27. Qd7
Nc5 28. Qd2 h6 29. Bc7 Ba6 30. Qd6 Rf8 31. Bxb6 Nd3 32. Qxe6+ Kh8 33. Nf5 Nf4
34. Qd7 Bf6 35. g3 Ne2+ 36. Kf2 Bc4 37. Nxh6 Nc3 38. Bd4 Nxe4+ 39. Kg2 g4 40.
fxe4 1-0

[Event "Pere Noel"]
[Site "Montreal CAN"]
[Date "2019.12.27"]
[Round "2.17"]
[White "Zhe, Jia"]
[Black "He, Zekai"]
[Result "1-0"]
[WhiteElo "1916"]
[BlackElo "1667"]
[PlyCount "103"]
[EventDate "2019.12.26"]
[EventType "swiss"]
[EventRounds "5"]
[EventCountry "CAN"]

1. Nf3 c5 2. c4 Nc6 3. g3 g6 4. Bg2 Bg7 5. Nc3 Nf6 6. a3 e6 7. d4 cxd4 8. Nxd4
d5 9. cxd5 exd5 10. O-O O-O 11. Be3 Be6 12. Nxc6 bxc6 13. Bd4 Qc7 14. Rc1 Qd7
15. Na4 Rac8 16. Nc5 Qc7 17. Qa4 a5 18. Nb3 Qb7 19. Nxa5 Qa6 20. e3 Ra8 21. b4
Bd7 22. Qc2 Rfc8 23. Qb2 Ne8 24. Bxg7 Nxg7 25. Qe5 Rab8 26. Qe7 Be6 27. Qc5 Rb5
28. Qd6 Rb6 29. Rc5 Nf5 30. Qe5 Qd3 31. Rc3 Qa6 32. Rfc1 Qb5 33. Rc5 Qd3 34.
Qc3 Qxc3 35. R1xc3 Bd7 36. Nb3 Nd6 37. Nd4 Nc4 38. Bf1 Nd2 39. Bd3 Ne4 40. Bxe4
dxe4 41. b5 Bh3 42. Rxc6 Rbxc6 43. Nxc6 Rc7 44. b6 Rd7 45. Rc1 Rb7 46. Rb1 Bd7
47. Ne5 Be6 48. a4 f6 49. a5 fxe5 50. a6 Rb8 51. a7 Rd8 52. b7 1-0